000 00833nam a2200229Ia 4500
001 9155
003 GE_BSU
008 181216s||||||||xx |||||||||||||| ||und||
040 _cGE_BSU
080 _a82-93
100 _aლომიძე,ანდრო
245 _aმშობლიური მიწა.
245 _bსაბავშვო მოთხრობები
245 _cრედ. ა.თევზაძე.მხატვ.ნ.ფოფხაძე
260 _aთბილისი
260 _bსაბავშვო და ახალგაზრდობის ლიტ.გამ–ბა
260 _c1952
300 _a93გვ.ილ.20სმ.
653 _aმშობლიური მიწა.
653 _aსაბავშვო მოთხრობები
942 _cBK
999 _c42459
_d42459